Omnichannel stratégia a prémium technológiai termékek piacán – az iSTYLE példáján keresztül
| Main Author: | |
|---|---|
| Other Authors: | |
| Format: | Thesis |
| Kulcsszavak: | modern kereskedelmi stratégia multichannel omnichannel prémium technológiai termékek piaca Vásárlói élmény |
| Online Access: | http://dolgozattar.uni-bge.hu/60067 |
MARC
| LEADER | 00000nta a2200000 i 4500 | ||
|---|---|---|---|
| 001 | dolg60067 | ||
| 005 | 20260409145936.0 | ||
| 008 | 260409suuuu hu om 000 hun d | ||
| 040 | |a BGE Dolgozattár Repozitórium |b hun | ||
| 041 | |a hu | ||
| 100 | 1 | |a Kellner Dominika Anna | |
| 245 | 1 | 0 | |a Omnichannel stratégia a prémium technológiai termékek piacán – az iSTYLE példáján keresztül |c Kellner Dominika Anna |h [elektronikus dokumentum] |
| 520 | 3 | |a Az omnichannel stratégia az elmúlt évek egyik legmeghatározóbb üzleti megközelítésévé vált, különösen a kereskedelmi szektorban. A digitális technológia térnyerésével a vásárlók elvárásai jelentősen megváltoztak: már nem csupán egyetlen csatornán keresztül szeretnének kapcsolatba lépni egy vállalattal, hanem több platformot is használni kívánnak a vásárlás különböző fázisaiban. Az omnichannel stratégia lényege, hogy az online és offline értékesítési csatornákat integrálva folyamatos, gördülékeny és egységes ügyfélélményt biztosítson.A téma aktualitását az is alátámasztja, hogy a digitális átalakulás következtében egyre több vállalat alkalmaz omnichannel megoldásokat, és a fogyasztók elvárásai is folyamatosan növekednek. A prémium technológiai termékeket forgalmazó vállalatok számára különösen fontos, hogy a vásárlók egységes és magas színvonalú kiszolgálásban részesüljenek, hiszen ezeknél a termékeknél a döntéshozatal összetettebb, és az ügyfélélmény nagyban befolyásolja a márkához való lojalitást. | |
| 695 | |a modern kereskedelmi stratégia | ||
| 695 | |a multichannel | ||
| 695 | |a omnichannel | ||
| 695 | |a prémium technológiai termékek piaca | ||
| 695 | |a Vásárlói élmény | ||
| 700 | 1 | |a Sarkadi Katalin |e ths | |
| 856 | 4 | 0 | |u http://dolgozattar.uni-bge.hu/60067/1/Kellner_Dominika_Zarodolgozat_Vegleges.pdf |z Dokumentum-elérés |
| 856 | 4 | 0 | |u http://dolgozattar.uni-bge.hu/60067/2/BA%20KM%20magyar%20b%C3%ADr%C3%A1lati%20lap%20K%C3%9CLS%C5%90_Kellner%20Dominika%20Anna.pdf |z Dokumentum-elérés |
| 856 | 4 | 0 | |u http://dolgozattar.uni-bge.hu/60067/3/BA%20KM%20magyar%20bi%CC%81ra%CC%81lati%20lap%20BELSO%CC%8B_Kellner_Dominika_Anna_SarkadiKatalin_2025_05_26.pdf |z Dokumentum-elérés |